[Event "Moscow op-E"]
[Site "Moscow"]
[Date "2011.02.01"]
[Round "4.248"]
[White "Mosionzhik, Ilya Samoilovich"]
[Black "Zubkov, Vsevolod"]
[Result "0-1"]
[WhiteElo "2180"]
[BlackElo "1884"]
[PlyCount "68"]
[EventDate "2011.01.29"]
[EventType "swiss"]
[EventRounds "9"]
[EventCountry "RUS"]
[SourceTitle "EXT 2022"]
[Source "ChessBase"]
[SourceDate "2021.10.06"]
[SourceVersion "1"]
[SourceVersionDate "2021.10.06"]
[SourceQuality "1"]

1. e4 c5 2. Nf3 d6 3. d4 cxd4 4. Nxd4 Nf6 5. Nc3 e6 6. Bc4 Be7 7. 0-0 0-0 8. Bb3 Na6 9. Be3 Nc5 10. f3 a6 11. Bc4 Qc7 12. Be2 Rd8 13. Qe1 b5 14. Qf2 Bb7 15. Rac1 b4 16. Nb1 d5 17. c3 bxc3 18. Rxc3 Qd7 19. e5 Ne8 20. Nf5 exf5 21. Bxc5 d4 22. Rcc1 Bxc5 23. Rxc5 Qe7 24. Rfc1 Bd5 25. Qxd4 Bxf3 26. Qe3 Bxe2 27. Qxe2 Nf6 28. Ra5 Ne4 29. Rxa6 Rxa6 30. Qxa6 Qxe5 31. Qe2 g6 32. g3 Qd4+ 33. Kf1 Qd5 34. b3 Ng5 0-1

[Event "Moscow op-E"]
[Site "Moscow"]
[Date "2011.01.31"]
[Round "3.212"]
[White "Zubkov, Vsevolod"]
[Black "Valeev, Sergey"]
[Result "0-1"]
[WhiteElo "1884"]
[BlackElo "2093"]
[PlyCount "68"]
[EventDate "2011.01.29"]
[EventType "swiss"]
[EventRounds "9"]
[EventCountry "RUS"]
[SourceTitle "EXT 2022"]
[Source "ChessBase"]
[SourceDate "2021.10.06"]
[SourceVersion "1"]
[SourceVersionDate "2021.10.06"]
[SourceQuality "1"]

1. e4 e6 2. d4 d5 3. Nd2 dxe4 4. Nxe4 b6 5. Bb5+ c6 6. Ba4 Bb7 7. Nf3 Nf6 8. Nxf6+ gxf6 9. Bf4 Bd6 10. Qd2 Rg8 11. Bg3 Qe7 12. 0-0-0 Nd7 13. Qc3 b5 14. Bb3 a5 15. a3 b4 16. axb4 a4 17. Bxd6 Qxd6 18. Ba2 Rxg2 19. Rhg1 Qf4+ 20. Qe3 Qxe3+ 21. fxe3 Rf2 22. Rdf1 Rxf1+ 23. Rxf1 Ke7 24. c4 Rg8 25. Rg1 Rg6 26. Bb1 f5 27. Rxg6 fxg6 28. Bc2 c5 29. Ng1 cxd4 30. exd4 Nb6 31. Bd3 Be4 32. Be2 g5 33. Nf3 g4 34. Ng5 Bb7 0-1